Apertura en el sueño /

Este es un suplemento de Tierra Nueva, volumen 2, correspondiente al año de 1940; es un poemario de Manuel Duarte Guillé.

Zapisane w:
Opis bibliograficzny
Kolejni autorzy: Duarte Guillé, Manuel (autor) (autor)
Format: Książka
Język:hiszpański
Hasła przedmiotowe:
Etykiety: Dodaj etykietę
Nie ma etykietki, Dołącz pierwszą etykiete!

MARC

LEADER 00000nam^a2200000^a^4500
001 000136783
005 20250521000000.0
009 20260310095329.897
037 |a Acervo ITESO - Biblioteca 
041 |a ESP 
082 |a 805.  |b TIE 1940 V. 2-sup 
240 1 1 |a [Tierra Nueva: Revista de Letras Universitarias] 
245 0 0 |a Apertura en el sueño /  |c M. Duarte Guillé. 
264 |a México :  |b UNAM, Facultad de Filosofía y Letras,  |c 1940 
300 |a 1 v. (sin paginación) 
336 |a texto  |b txt  |2 rdacontenido 
337 |a sin mediación  |b n  |2 rdamedio 
338 |a volumen  |b nc  |2 rdasoporte 
520 |a Este es un suplemento de Tierra Nueva, volumen 2, correspondiente al año de 1940; es un poemario de Manuel Duarte Guillé. 
649 |a XX 
650 |a Poesía Mexicana 
650 |a Literatura Mexicana 
650 |a Literatura -  |x Publicaciones Periódicas Mexicanas 
650 |a Publicaciones Periódicas Mexicanas 
700 |a Duarte Guillé, Manuel  |e (autor) 
910 |a Fondo Salvador Reynoso Reynoso 
920 |a Impresos - Libros 
930 |a Fondos Especiales 
940 |a Literatura 
905 |a 112 
901 |a 0800013858  |b IT2  |c ESP  |u 20250521 
902 |a https://opac.biblio.iteso.mx/vufind/Record/000136783